000 00541nam a2200205Ia 4500
005 20250818155942.0
008 008 250516s9999 xx 000 0 eng d
020 _a9781032747057
040 _beng
_cSDCL
041 _aeng
_2eng
084 _aO-91N48 R5
100 _aAshcroft, Bill Ed.
245 0 _aPostcolonial studies reader
250 _a3rd ed.
260 _aLondon:
_bRoutledge,
_c2025.
300 _axxxix,805p.
650 _aEnglish
700 _aGriffiths, Gareth Ed.Tiffin, Helen Ed.
_9809682
942 _cTEXL
_2CC
999 _c1429725
_d1429725